00353nam a2200145Ia 4500008004100000020001800041082001700059100001200076245003500088250000800123260002900131300001000160500002500170650001200195230524s9999 xx 000 0 und d a9788131501740 a650.016bOZE aEffy Oz 0aManagement Information Systems aIST aNEW DELHIbCengagec2006 aX;436 aQuantity Number: 30 aComp-Sc